书目信息 |
| 题名: |
建筑形式与功能之间的矛盾
|
|
| 作者: | 亨德里克斯 著 ;吴梦 译 | |
| 分册: | ||
| 出版信息: | 北京 机械工业出版社 2016.11 |
|
| 页数: | 13,285页 | |
| 开本: | 21cm | |
| 丛书名: | ||
| 单 册: | ||
| 中图分类: | TU2 | |
| 科图分类: | ||
| 主题词: | 建筑设计--研究 | |
| 电子资源: | ||
| ISBN: | 978-7-111-54973-4 | |
| 000 | 01312nam0 2200277 450 | |
| 001 | 0100003897 | |
| 005 | 20161128151337.8 | |
| 010 | @a978-7-111-54973-4@dCNY49.00 | |
| 100 | @a20161128d2016 em y0chiy50 ea | |
| 101 | 1 | @achi@ceng |
| 102 | @aCN@b110000 | |
| 105 | @aa z 000yy | |
| 106 | @ar | |
| 200 | 1 | @a建筑形式与功能之间的矛盾@Ajian zhu xing shi yu gong neng zhi jian de mao dun@dThe contradiction between form and function in architecture@f(美)约翰·香农·亨德里克斯(John Shannon Hendrix)著@g吴梦译@zeng |
| 210 | @a北京@c机械工业出版社@d2016.11 | |
| 215 | @a13,285页@c图@d21cm | |
| 305 | @a由Taylor & Francis出版集团旗下,Routledge出版公司授权出版 | |
| 330 | @a本书通过对建筑史及建筑理论的研究分析,从维特鲁威时代到现代,尤其重点研究了20世纪功能主义,得出了形式与功能矛盾性的重要性。书中列举了众多历史案例,从远古建筑、古典建筑、伊斯兰建筑等,乃至20世纪至今的运动思潮,除此之外,书中还探讨了历史上与建筑创作相关联的哲学问题,如特征、表象、延异、梦的构成等。 | |
| 333 | @a建筑学研究者 | |
| 510 | 1 | @aContradiction between form and function in architecture@zeng |
| 606 | 0 | @a建筑设计@x研究 |
| 690 | @aTU2@v5 | |
| 701 | 1 | @c(美)@a亨德里克斯@Aheng de li ke si@c(Hendrix, John Shannon)@4著 |
| 702 | 0 | @a吴梦@Awu meng@4译 |
| 801 | 0 | @aCN@c201701015 |
| 905 | @a河南城建学院图书馆@dTU2@eH380 | |
| 建筑形式与功能之间的矛盾=The contradiction between form and function in architecture/(美)约翰·香农·亨德里克斯(John Shannon Hendrix)著/吴梦译.-北京:机械工业出版社,2016.11 |
| 13,285页:图;21cm |
| 使用对象:建筑学研究者 |
| ISBN 978-7-111-54973-4:CNY49.00 |
| 本书通过对建筑史及建筑理论的研究分析,从维特鲁威时代到现代,尤其重点研究了20世纪功能主义,得出了形式与功能矛盾性的重要性。书中列举了众多历史案例,从远古建筑、古典建筑、伊斯兰建筑等,乃至20世纪至今的运动思潮,除此之外,书中还探讨了历史上与建筑创作相关联的哲学问题,如特征、表象、延异、梦的构成等。 |
| ● |
| 相关链接 |
|
|
|
正题名:建筑形式与功能之间的矛盾
索取号:TU2/H380
 
预约/预借
| 序号 | 登录号 | 条形码 | 馆藏地/架位号 | 状态 | 备注 |
| 1 | 1362626 | 213626263 | 建筑库101/101建筑库 30排1列3层/ [索取号:TU2/H380] | 在馆 | |
| 2 | 1362627 | 213626272 | 建筑库101/101建筑库 30排1列3层/ [索取号:TU2/H380] | 在馆 |